• 首页
  • 本馆介绍
  • 公告通知
  • 最新文献
  • 馆藏检索
  • 电子资源
  • 读者导购
  • 参考咨询
  • 我的图书馆
  • 登录
  • 详细信息显示
  • 放入我的书架
  • 预约/预借图书
  • 作者相关作品
  • 分类相关作品
  • 丛书相关作品
  • 出版社相关作品

书目信息

  • 表格格式
  • 工作单格式
  • 卡片格式
题名:
心理健康研究与指导
    
 
作者: 张玲 著
分册:  
出版信息: 北京   教育科学出版社  2001
页数: 346页
开本: 23cm
丛书名: 新世纪教师教育丛书
单 册:
中图分类: R395.6 , B84
科图分类:
主题词: 心理健康--高等师范教育--教学参考资料 , 心理学
电子资源:
ISBN: 7-5041-2101-0
000 00845oam2 2200265 450
001 1533450351
005 20150126163923.12
010    @a7-5041-2101-0@dCNY31.50
100    @a20010830d2001 em y0chiy0110 ea
101 0  @achi
102    @aCN@b110000
105    @ay z 000yy
200 1  @a心理健康研究与指导@9xin li jian kang yan jiu yu zhi dao@f张玲等著
210    @a北京@c教育科学出版社@d2001
215    @a346页@d23cm
225 2  @a新世纪教师教育丛书
330    @a本书探讨了教师教育的新内容和新方法,内容包括心理健康新概念,增进智慧 完善认知,调节情绪 丰富情感,锻炼意志 积极行动等。
461  0 @12001 @a新世纪教师教育丛书
606 0  @a心理健康@x高等师范教育@j教学参考资料
606 0  @a心理学
690    @aR395.6@v5
690    @aB84@v4
701  0 @a张玲@9zhang ling@4著
801  0 @aCN@bTSSF@c20150126
905    @aZUCC@dB84@eJY402
    
    心理健康研究与指导/张玲等著.-北京:教育科学出版社,2001
    346页;23cm.-(新世纪教师教育丛书)
    
    
    ISBN 7-5041-2101-0:CNY31.50
    本书探讨了教师教育的新内容和新方法,内容包括心理健康新概念,增进智慧 完善认知,调节情绪 丰富情感,锻炼意志 积极行动等。
●
相关链接 在E读中查询图书 在五车中查询图书 在当当中查询图书 在豆瓣中查询图书


正题名:心理健康研究与指导     索取号:B84/JY402         预约/预借

序号 登录号 条形码 馆藏地/架位号 状态 备注
1 7857914   278579147   学院路分馆/ [索取号:B84/JY402] 在馆    
2 7860073   278600738   学院路分馆/ [索取号:B84/JY402] 在馆    
唐山师范学院图书馆 欢迎您!
大连网信软件有限公司© 版权所有